000 01858cam a22002535a 4500
001 E159625
008 171129s2016 xxk f 000 0 eng d
020 _a9781315734613
035 _a(Sirsi) u159625
041 0 _aeng
050 0 4 _a692.3 $2 18
100 1 _aPacker, A. D.
245 0 0 _aBuilding measurement
_bNew rules of measurement
_h[electronic resource]
250 _a2nd ed.
260 _aAbingdon
_bRoutledge
_c2016
300 _aEBOOK
520 _aMeasurement of buildings is the core skill of the quantity surveyor. It underpins the procurement, management, delivery and subsequent commissioning of a completed building, and must now be completed using New Rules of Measurement 2 (NRM 2). In this new measurement textbook, the measurement of the most common building elements is described using NRM2. Extensive worked examples including fully up to date hand-drawn diagrams and supporting take-off lists ensure that the reader develops a confidence in their ability to measure using NRM2 in practice. A practical step-by-step approach is used to explain and interpret the detail of the specific Work Sections of NRM2, covering a broad range of different trades, including mechanical and electrical systems; external works; groundwork; masonry; joinery; and internal finishes. Presuming no prior knowledge of measurement or NRM2, and fully up to date with current practice, including consideration of Building Information Modelling, this is the ideal text for students of measurement at HND or BSc level, as well as practitioners needing a crash course in how to apply NRM2.
650 2 4 _aNEW RULES OF MEASUREMENT 2
651 4 _aUnited Kingdom
_y
690 _aQuantity surveying
_96263
856 4 0 _uhttps://www.vlebooks.com/
_zView on VLEbooks. Logins for members only from [email protected]
942 _n0
948 _c04/03/1997
999 _c116059
_d116059